000 00581nam a22002057a 4500
999 _c6378
_d6378
003 OSt
005 20191111154710.0
008 191111b ||||| |||| 00| 0 eng d
020 _a 978-0706986853
040 _cDDC
082 _a580 PAN 1998
100 _aPandey, S.N.; Chadha, A.
_913052
245 _aA Textbook of Botany: plant anatomy and economic botany Vol.III
260 _aNew Delhi;
_bVikas,
_c1998
300 _aviii,644p;
_bIll:
_c24cm
504 _aGlossary, references, & index included
650 _aBotany
_91777
650 _aPlants
_91776
942 _2z
_cO_SHELF